000 00637nam a2200193Ia 4500
003 GCL
005 20240530103731.0
008 140319s9999 xx 000 0 ara d
020 _a9772153858
040 _aGCL /
_cGCL
082 0 4 _a029
_bم م
100 1 _aمحمود عباس حموده
245 1 0 _aالمدخل الى دراسة الوثائق العربية /
_cمحمود عباس حموده
260 _aالقاهرة :
_bدار غريب للطباعة والنشر والتوزيع ،
_c1999
300 _a853 ص ؛
_c24 سم
650 0 4 _aالوثائق
650 0 4 _aالوثائق العربية
942 _2ddc
_cBK
999 _c42052
_d42052